[Event "Politiken Cup 2011"]
[Site "Helsingor"]
[Date "2011.07.31"]
[Round "3.30"]
[White "Tikkanen, Hans"]
[Black "Pavlovskaia, Evgenia"]
[Result "1-0"]
[WhiteElo "2596"]
[BlackElo "2175"]
[PlyCount "67"]
[EventDate "2011.??.??"]
[BlackTeam "Esløv SK"]

1. c4 Nf6 2. g3 e6 3. Bg2 d5 4. Nf3 c6 5. b3 Bd6 6. Bb2 Nbd7 7. d4 O-O 8. O-O
Ne4 9. Ne1 f5 10. Qc2 Qg5 11. Nd3 Ndf6 12. Bc1 Qh5 13. Bf4 Bxf4 14. Nxf4 Qh6
15. f3 Nd6 16. Nd2 Bd7 17. Rae1 Rae8 18. e4 fxe4 19. fxe4 e5 20. dxe5 Rxe5 21.
exd5 Ng4 22. Nf3 Bf5 23. Qd1 Rxe1 24. Rxe1 Be4 25. h3 Nf6 26. dxc6 Nf5 27. Rxe4
Nxe4 28. Qd5+ Kh8 29. Ne5 Ng5 30. h4 bxc6 31. hxg5 cxd5 32. gxh6 dxc4 33. Nfg6+
hxg6 34. Nxg6+ 1-0

[Event "Politiken Cup 2011"]
[Site "Helsingor"]
[Date "2011.07.31"]
[Round "3.13"]
[White "Burmeister, Rick"]
[Black "Hansen, Sune Berg"]
[Result "0-1"]
[WhiteElo "2298"]
[BlackElo "2574"]
[PlyCount "88"]
[EventDate "2011.??.??"]
[BlackTeam "Helsingør"]

1. e4 e5 2. Nf3 Nc6 3. Bc4 Bc5 4. b4 Bxb4 5. c3 Be7 6. Qb3 Nh6 7. d4 Na5 8. Qb5
Nxc4 9. Bxh6 gxh6 10. Qxc4 d6 11. dxe5 Rg8 12. g3 c6 13. exd6 Qxd6 14. Nd4 c5
15. Nb3 Be6 16. Qb5+ Bd7 17. Qxb7 Bc6 18. Qa6 Bxe4 19. Qxd6 Bxd6 20. O-O O-O-O
21. N1d2 Bd5 22. Rfe1 f5 23. c4 Ba8 24. Re6 h5 25. Rh6 Bf4 26. Rxh5 Bxd2 27.
Nxd2 Rxd2 28. Rxf5 Rgd8 29. Rxc5+ Kb8 30. Re5 Rf8 31. Rae1 Bf3 32. a4 Bc6 33.
Re6 Bxa4 34. Ra1 Bd7 35. Re7 Bc6 36. f4 Rg2+ 37. Kf1 Rxh2 38. Rexa7 Rd8 39.
R7a2 Rh3 40. Rb2+ Kc8 41. Raa2 Rd3 42. Rd2 Rh1+ 43. Kf2 Rf3+ 44. Ke2 Rxg3 0-1

[Event "Politiken Cup 2011"]
[Site "Helsingor"]
[Date "2011.07.31"]
[Round "3.14"]
[White "Ruck, Robert"]
[Black "Schmidt, Kristen"]
[Result "1-0"]
[WhiteElo "2569"]
[BlackElo "2289"]
[PlyCount "65"]
[EventDate "2011.??.??"]

1. Nf3 c5 2. c4 Nc6 3. d4 cxd4 4. Nxd4 g6 5. e4 Bg7 6. Be3 Nf6 7. Nc3 d6 8. Be2
O-O 9. O-O Nd7 10. Qd2 a5 11. Rad1 a4 12. f3 Qa5 13. Nd5 Qd8 14. Nb5 Nc5 15.
Qc2 Bd7 16. f4 b6 17. Bf3 Rc8 18. b4 axb3 19. axb3 Na5 20. b4 Bxb5 21. cxb5 e6
22. bxc5 exd5 23. c6 dxe4 24. Bxe4 Re8 25. Bf2 Nb7 26. Bd5 Nc5 27. f5 g5 28. f6
Bf8 29. Bxc5 bxc5 30. Bxf7+ Kxf7 31. Qxh7+ Ke6 32. Qg8+ Ke5 33. Qd5# 1-0

[Event "Politiken Cup 2011"]
[Site "Helsingor"]
[Date "2011.07.31"]
[Round "3.17"]
[White "Danielsen, Henrik"]
[Black "Thingstad, Even"]
[Result "1-0"]
[WhiteElo "2535"]
[BlackElo "2223"]
[PlyCount "101"]
[EventDate "2011.??.??"]
[WhiteTeam "BMS"]
[BlackTeam "Hønefoss"]

1. g3 Nf6 2. Bg2 d5 3. Nf3 c6 4. b3 Bg4 5. Bb2 Nbd7 6. c4 e6 7. O-O Be7 8. d3
O-O 9. Nbd2 Qc7 10. Qc2 a5 11. a3 Rfd8 12. cxd5 exd5 13. h3 Bh5 14. e4 dxe4 15.
dxe4 Bxf3 16. Nxf3 Qb6 17. Nd4 Bf8 18. Rfe1 Nc5 19. Rad1 Rd7 20. e5 Nd5 21. h4
Nc7 22. Bh3 Rd5 23. Bf1 N5e6 24. Nxe6 Nxe6 25. Bc4 Rxd1 26. Rxd1 Rd8 27. h5
Rxd1+ 28. Qxd1 Qd8 29. Qxd8 Nxd8 30. a4 Bb4 31. f4 Ne6 32. f5 Nc7 33. Kf2 Kf8
34. Kf3 b5 35. Bd3 bxa4 36. bxa4 Nd5 37. Be4 Ke7 38. g4 Kd7 39. e6+ fxe6 40.
Bxg7 Ke7 41. fxe6 Nf6 42. Bxc6 Kxe6 43. Bh6 Bc3 44. Be4 Bb4 45. Bc2 Bc3 46. Bc1
Bb4 47. h6 Bc3 48. g5 Nd7 49. Bxh7 Nf8 50. Bc2 Kf7 51. Kg4 1-0

[Event "Politiken Cup 2011"]
[Site "Helsingor"]
[Date "2011.07.31"]
[Round "3.18"]
[White "Ochsner, Bjorn Moller"]
[Black "Petrov, Marijan"]
[Result "0-1"]
[WhiteElo "2258"]
[BlackElo "2534"]
[PlyCount "82"]
[EventDate "2011.??.??"]

1. e4 g6 2. d4 Bg7 3. Nc3 c6 4. Nf3 d6 5. Be3 Nf6 6. h3 O-O 7. Qd2 Nbd7 8. e5
Nd5 9. Nxd5 cxd5 10. exd6 exd6 11. Bd3 Nf6 12. O-O Qb6 13. c3 a5 14. Rfe1 Re8
15. Bh6 Bd7 16. Bxg7 Kxg7 17. Rxe8 Rxe8 18. Re1 Re6 19. Re2 h6 20. Nh4 Ne4 21.
Qe1 Rf6 22. f3 Ng5 23. Re7 Be6 24. Nxg6 Qxb2 25. h4 Ne4 26. fxe4 Rxg6 27. Qf2
Qxf2+ 28. Kxf2 Rg4 29. exd5 Bxd5 30. g3 Kf6 31. Re2 Rg8 32. c4 Be6 33. c5 dxc5
34. dxc5 Rc8 35. Be4 Rxc5 36. Bxb7 Rc3 37. Be4 a4 38. Rd2 Ke5 39. Bd3 a3 40.
Ke2 Rc1 41. Rc2 Rxc2+ 0-1

[Event "Politiken Cup 2011"]
[Site "Helsingor"]
[Date "2011.07.31"]
[Round "3.19"]
[White "Cmilyte, Viktorija"]
[Black "Akdag, Dara"]
[Result "1-0"]
[WhiteElo "2528"]
[BlackElo "2201"]
[PlyCount "53"]
[EventDate "2011.??.??"]
[WhiteTeam "Skanderborg"]
[BlackTeam "BMS"]

1. c4 Nf6 2. Nc3 g6 3. g3 Bg7 4. Bg2 O-O 5. d4 c5 6. Nf3 d6 7. O-O Nc6 8. dxc5
dxc5 9. Bf4 Be6 10. Ne5 Na5 11. Qa4 Qb6 12. Nd5 Bxd5 13. cxd5 Qa6 14. Bd2 Qxe2
15. Bc3 b6 16. Rfe1 Qh5 17. g4 Qh4 18. h3 Qh6 19. Rad1 Rad8 20. Bd2 g5 21. Bxa5
bxa5 22. Nc6 Rde8 23. Nxe7+ Kh8 24. d6 Ng8 25. Ng6+ fxg6 26. Rxe8 Bd4 27. Rxd4
1-0

[Event "Politiken Cup 2011"]
[Site "Helsingor"]
[Date "2011.07.31"]
[Round "3.20"]
[White "Matthiesen, Martin"]
[Black "Romanishin, Oleg M"]
[Result "0-1"]
[WhiteElo "2251"]
[BlackElo "2526"]
[PlyCount "48"]
[EventDate "2011.??.??"]
[WhiteTeam "SK68"]

1. d4 Nf6 2. c4 e6 3. Nc3 Bb4 4. Qc2 c5 5. dxc5 Bxc5 6. Nf3 Nc6 7. Bg5 h6 8.
Bh4 Qa5 9. Rd1 Bb4 10. e3 Qxa2 11. Nd2 Qa5 12. Be2 Be7 13. O-O O-O 14. Nb3 Qd8
15. Rd2 Nb4 16. Qc1 d5 17. Rfd1 Qb6 18. c5 Qd8 19. Bg3 Bd7 20. Bf3 a5 21. e4
Bc6 22. Ne2 Ba4 23. exd5 Nfxd5 24. Ned4 Bg5 0-1

[Event "Politiken Cup 2011"]
[Site "Helsingor"]
[Date "2011.07.31"]
[Round "3.33"]
[White "Christiansen, Jens Jorgen"]
[Black "Schandorff, Lars"]
[Result "0-1"]
[WhiteElo "2115"]
[BlackElo "2497"]
[PlyCount "122"]
[EventDate "2011.??.??"]
[WhiteTeam "Nørresundby"]
[BlackTeam "Sydøstfyn"]

1. d4 Nf6 2. Nf3 g6 3. g3 Bg7 4. Bg2 d5 5. O-O O-O 6. c4 dxc4 7. Ne5 Ne8 8. Na3
c5 9. e3 cxd4 10. exd4 Nd6 11. Be3 Nc6 12. Nxc6 bxc6 13. Qe2 Rb8 14. Nxc4 Ba6
15. b3 Nxc4 16. bxc4 Bxd4 17. Bxd4 Qxd4 18. Qxe7 Rfe8 19. Qc7 Rbc8 20. Qa5 Bxc4
21. Rfe1 Re2 22. Rxe2 Qxa1+ 23. Re1 Qxa2 24. Qxa2 Bxa2 25. Ra1 Be6 26. Rxa7 c5
27. Kf1 Kg7 28. Ke1 Kf6 29. f4 Rb8 30. Rc7 Rb1+ 31. Kf2 Rb2+ 32. Kg1 Rb1+ 33.
Kf2 Rb2+ 34. Kg1 Rc2 35. Be4 Rc4 36. Bf3 Rc2 37. Be4 Rc4 38. Bf3 h5 39. h4 Rc2
40. Be4 Rc4 41. Bf3 Rc3 42. Kf2 Kf5 43. Ke2 Bc4+ 44. Kf2 Bb3 45. Ke2 Bd1+ 46.
Kxd1 Rxf3 47. Rxf7+ Ke4 48. Re7+ Kd3 49. Rd7+ Kc3 50. Rg7 Rxg3 51. f5 Rd3+ 52.
Ke2 gxf5 53. Rg5 Rd2+ 54. Ke3 Rd5 55. Ke2 Re5+ 56. Kf3 Kd4 57. Rxh5 c4 58. Rh8
c3 59. Rc8 Rc5 60. Rxc5 Kxc5 61. Ke2 f4 0-1

[Event "Politiken Cup 2011"]
[Site "Helsingor"]
[Date "2011.07.31"]
[Round "3.23"]
[White "Bulski, Krzysztof"]
[Black "Hobber, Anders"]
[Result "1-0"]
[WhiteElo "2479"]
[BlackElo "2179"]
[PlyCount "77"]
[EventDate "2011.??.??"]
[WhiteTeam "HetMaN Szopienice"]
[BlackTeam "Porsgrunn"]

1. d4 d5 2. c4 e6 3. Nc3 Nf6 4. Bg5 Be7 5. e3 O-O 6. Qc2 Nbd7 7. cxd5 exd5 8.
Bd3 c6 9. Nge2 Re8 10. f3 Nf8 11. O-O-O Nh5 12. Bxe7 Qxe7 13. e4 dxe4 14. fxe4
Qg5+ 15. Kb1 Qxg2 16. e5 Ng6 17. Ne4 Be6 18. Rhg1 Qh3 19. Ng5 Qh4 20. Rdf1 Bd5
21. Bf5 Qxh2 22. Be4 Qh4 23. Bxd5 cxd5 24. Qf5 Re7 25. Rh1 Ng3 26. Nxg3 Qxg3
27. Rxh7 f6 28. Qxg6 Qxg5 29. Qc2 fxe5 30. Rfh1 Rae8 31. Rh8+ Kf7 32. R8h5 Qg4
33. Rf1+ Ke6 34. Rxe5+ Kd7 35. Rxd5+ Ke6 36. Re5+ Kd7 37. Rd5+ Ke6 38. Re5+ Kd7
39. Rc1 1-0

[Event "Politiken Cup 2011"]
[Site "Helsingor"]
[Date "2011.07.31"]
[Round "3.25"]
[White "Arnold, Marc T"]
[Black "Guttulsrud, Odd Martin"]
[Result "1-0"]
[WhiteElo "2445"]
[BlackElo "2177"]
[PlyCount "107"]
[EventDate "2011.??.??"]
[WhiteTeam "Marshall Chess Club"]
[BlackTeam "SK 1911"]

1. d4 Nf6 2. Nf3 g6 3. c4 Bg7 4. g3 O-O 5. Bg2 d6 6. Nc3 Nc6 7. O-O a6 8. b3
Rb8 9. Nd5 Nh5 10. Bb2 e6 11. Nc3 b5 12. cxb5 axb5 13. e4 b4 14. Ne2 Nf6 15.
Qc2 Na7 16. Nf4 c6 17. e5 Nd5 18. Nd3 Ba6 19. Rfc1 Bb5 20. exd6 Qxd6 21. Nc5
Rfd8 22. Ne4 Qe7 23. Ne5 f6 24. Nf3 Nc8 25. Nc5 Re8 26. Re1 Qd6 27. a4 bxa3 28.
Bxa3 Ra8 29. Bh3 f5 30. Qb2 Nc7 31. Ne5 Qd8 32. Nb7 Qf6 33. Rac1 Nd5 34. Bg2
Ra7 35. Nxc6 Bxc6 36. Rxc6 Ncb6 37. Nd6 Rb8 38. Bc5 Rc7 39. Rxc7 Nxc7 40. Qa3
Nbd5 41. Nc4 Ra8 42. Qc1 Ra2 43. Qb1 Nc3 44. Qd3 N7d5 45. Bxd5 Nxd5 46. Ne3 f4
47. Nxd5 exd5 48. Qf3 Qf5 49. g4 Qg5 50. Be7 Bf6 51. Bxf6 Qxf6 52. Qxd5+ Kg7
53. g5 Qf8 54. Qd7+ 1-0

[Event "Politiken Cup 2011"]
[Site "Helsingor"]
[Date "2011.07.31"]
[Round "3.26"]
[White "Hartvig, Ove Weiss"]
[Black "Blomqvist, Erik"]
[Result "0-1"]
[WhiteElo "2220"]
[BlackElo "2438"]
[PlyCount "84"]
[EventDate "2011.??.??"]
[WhiteTeam "Esbjerg"]
[BlackTeam "SK Rockaden"]

1. e4 c5 2. Nf3 e6 3. d4 cxd4 4. Nxd4 a6 5. Nc3 Qc7 6. g3 Bb4 7. Nde2 Nf6 8.
Bg2 Be7 9. O-O Nc6 10. h3 d6 11. Be3 b5 12. a3 Bb7 13. f4 O-O 14. Qe1 Rfe8 15.
Qf2 Rac8 16. g4 Nd7 17. g5 Bf8 18. Nd4 Na5 19. Nce2 Nc4 20. Bc1 Nc5 21. Ng3 e5
22. fxe5 dxe5 23. Ndf5 Ne6 24. Kh1 Nf4 25. b3 Nd6 26. Nxd6 Bxd6 27. Nf5 Bf8 28.
Bxf4 exf4 29. Qxf4 Qxf4 30. Rxf4 Rxc2 31. Raf1 Rc3 32. a4 b4 33. Nd4 Rc7 34. h4
Bd6 35. Rg4 g6 36. h5 Bc8 37. Rh4 Bg3 38. Rhf4 Bxf4 39. Rxf4 gxh5 40. Nf5 Re5
41. Bf3 Bxf5 42. exf5 Rc2 0-1

[Event "Politiken Cup 2011"]
[Site "Helsingor"]
[Date "2011.07.31"]
[Round "3.34"]
[White "Andersen, Mads"]
[Black "Lindgren, Philip"]
[Result "1-0"]
[WhiteElo "2422"]
[BlackElo "2145"]
[PlyCount "91"]
[EventDate "2011.??.??"]
[WhiteTeam "Skanderborg"]
[BlackTeam "Limhamn"]

1. d4 d5 2. c4 c6 3. Nf3 Nf6 4. e3 Bf5 5. Nc3 e6 6. Nh4 Be4 7. f3 Bg6 8. Qb3
Qc7 9. Bd2 Be7 10. g3 Nbd7 11. cxd5 exd5 12. Nxg6 hxg6 13. O-O-O b5 14. Qc2 Rc8
15. Kb1 O-O 16. g4 Nb6 17. h4 Nc4 18. Bc1 Qb7 19. Bd3 c5 20. h5 g5 21. Bxc4
dxc4 22. d5 b4 23. Ne4 Nxd5 24. Qxc4 Rfd8 25. Ka1 Nb6 26. Qc2 c4 27. h6 g6 28.
Qh2 Kh7 29. Rxd8 Rxd8 30. Qe5 Rg8 31. Rd1 Na4 32. Qa5 Nb6 33. Qe5 Na4 34. Qa5
Nb6 35. Qb5 a6 36. Nxg5+ Bxg5 37. Qxg5 Qxf3 38. Rd6 Na4 39. Rf6 Qb7 40. e4 Rf8
41. Qe5 Rg8 42. Qd4 Qc7 43. Qd5 Rf8 44. Rc6 Qg3 45. Qd4 Rg8 46. Qxc4 1-0

[Event "Politiken Cup 2011"]
[Site "Helsingor"]
[Date "2011.07.31"]
[Round "3.27"]
[White "Fisher, William"]
[Black "Hendriks, Willy"]
[Result "0-1"]
[WhiteElo "2178"]
[BlackElo "2415"]
[PlyCount "112"]
[EventDate "2011.??.??"]
[WhiteTeam "Marshall"]
[BlackTeam "De Toren Arnhem"]

1. e4 d6 2. d4 Nf6 3. Nc3 g6 4. Be3 Bg7 5. Qd2 c6 6. h3 O-O 7. O-O-O b5 8. a3
a5 9. e5 Ne8 10. Nf3 b4 11. Nb1 Be6 12. h4 h5 13. Bd3 Nc7 14. exd6 exd6 15. Be4
d5 16. Bd3 bxa3 17. Nxa3 Nd7 18. Rde1 Re8 19. Bh6 Bh8 20. Qf4 Rb8 21. Qg3 Bg4
22. Bg5 Qc8 23. Bf4 Ne6 24. Bxb8 Qxb8 25. Qxb8 Rxb8 26. c3 Nf4 27. Bf1 Bxf3 28.
gxf3 Bf6 29. Kc2 Nf8 30. Ra1 N8e6 31. Nb1 Bd8 32. Nd2 c5 33. dxc5 Nxc5 34. b3
Kg7 35. Ra3 Rc8 36. Nb1 d4 37. Bc4 d3+ 38. Kb2 Nd7 39. Nd2 Ne5 40. Ba6 Rc6 41.
Bb7 Rd6 42. Raa1 Ne2 43. f4 Nxf4 44. Ra3 Ne2 45. Ra4 f5 46. f4 Ng4 47. Nc4 Rd7
48. Bf3 Bf6 49. Ne5 Bxe5 50. fxe5 Nxe5 51. Ba8 d2 52. Raa1 Nd3+ 53. Kc2 Nf2 54.
Bf3 Nxh1 55. Rxh1 d1=Q+ 56. Rxd1 Rxd1 0-1

[Event "Politiken Cup 2011"]
[Site "Helsingor"]
[Date "2011.07.31"]
[Round "3.35"]
[White "Lindberg, Bengt"]
[Black "Pedersen, Nicolai Kvist Brond"]
[Result "1/2-1/2"]
[WhiteElo "2391"]
[BlackElo "2130"]
[PlyCount "101"]
[EventDate "2011.??.??"]
[WhiteTeam "Solna SS"]
[BlackTeam "BMS"]

1. e4 c6 2. d4 d5 3. Nc3 dxe4 4. Nxe4 Bf5 5. Ng3 Bg6 6. h4 h6 7. Nf3 Nd7 8. h5
Bh7 9. Bd3 Bxd3 10. Qxd3 e6 11. Bd2 Ngf6 12. O-O-O Be7 13. Qe2 O-O 14. Nf1 c5
15. g4 Nh7 16. Ne3 Qb6 17. d5 Bf6 18. c3 Rfe8 19. Qd3 Rad8 20. Qc2 Qa6 21. Kb1
Nb6 22. dxe6 Rxe6 23. Bc1 Rde8 24. c4 Rxe3 25. fxe3 Nxc4 26. Rhe1 Qe6 27. e4 b6
28. e5 Nxe5 29. Bf4 Qxg4 30. Nxe5 Qxf4 31. Nxf7 Rxe1 32. Rxe1 Nf8 33. Qd3 Qh2
34. Ne5 Qxh5 35. Qd5+ Kh7 36. Qe4+ Kg8 37. Ng4 Bd4 38. Rf1 Qg5 39. Qf3 Qg6+ 40.
Ka1 Nd7 41. Qd5+ Kh7 42. Qxd7 h5 43. Nh2 Qg2 44. Qf5+ Kg8 45. Qf7+ Kh7 46.
Qxh5+ Kg8 47. Rb1 Bxb2+ 48. Rxb2 Qg1+ 49. Rb1 Qd4+ 50. Rb2 Qg1+ 51. Rb1 1/2-1/2

[Event "Politiken Cup 2011"]
[Site "Helsingor"]
[Date "2011.07.31"]
[Round "3.36"]
[White "Carlstedt, Jonathan"]
[Black "Skou, Niels"]
[Result "0-1"]
[WhiteElo "2336"]
[BlackElo "2093"]
[PlyCount "78"]
[EventDate "2011.??.??"]
[BlackTeam "Evans"]

1. c4 Nf6 2. g3 d5 3. cxd5 Nxd5 4. Bg2 g6 5. Nf3 Bg7 6. O-O O-O 7. Nc3 Nc6 8.
Ng5 e6 9. Nge4 Nce7 10. Qb3 b6 11. d3 Bb7 12. Qc2 Qd7 13. Bd2 c5 14. Qc1 Rfc8
15. Bh6 Bh8 16. g4 c4 17. Rd1 cxd3 18. Rxd3 Ba6 19. Rh3 Bxe2 20. Qg5 Bxg4 21.
Qxg4 f5 22. Qd1 fxe4 23. Bxe4 Rc5 24. Bg5 Rd8 25. Rd3 Bxc3 26. bxc3 Rdc8 27.
Bf6 Qc7 28. Bd4 Rc4 29. Qe1 Nf4 30. Rf3 e5 31. Bf5 Nxf5 32. Bxe5 Qc6 33. Rxf4
Rxf4 34. Bxf4 Nh4 35. Kf1 Re8 36. Be3 Qg2+ 37. Ke2 Nf5 38. Kd1 Nxe3+ 39. fxe3
Qb2 0-1

[Event "Politiken Cup 2011"]
[Site "Helsingor"]
[Date "2011.07.31"]
[Round "3.48"]
[White "Brobakken, Geir"]
[Black "Aranovitch, Emiliano"]
[Result "0-1"]
[WhiteElo "1966"]
[BlackElo "2328"]
[PlyCount "52"]
[EventDate "2011.??.??"]
[WhiteTeam "Hamar"]
[BlackTeam "Mendrisio"]

1. e4 c5 2. b3 b6 3. Bb2 Bb7 4. Nc3 e6 5. Nf3 Nc6 6. d3 d6 7. g3 Nf6 8. Bg2 e5
9. O-O g6 10. Qd2 Bg7 11. Ne2 O-O 12. h3 d5 13. exd5 Nxd5 14. Rad1 Re8 15. Qc1
Nd4 16. Nexd4 cxd4 17. Nd2 Bh6 18. Qb1 Rc8 19. a4 a6 20. Rfe1 Qc7 21. Nc4 b5
22. axb5 axb5 23. Na3 Qa5 24. Re2 Bf8 25. Bxd5 Bxd5 26. Qc1 Bf3 0-1

[Event "Politiken Cup 2011"]
[Site "Helsingor"]
[Date "2011.07.31"]
[Round "3.38"]
[White "Christensen, Bo Garner"]
[Black "Brorsen, Jacob Abildlund"]
[Result "1-0"]
[WhiteElo "2289"]
[BlackElo "2061"]
[PlyCount "131"]
[EventDate "2011.??.??"]
[WhiteTeam "K41"]
[BlackTeam "BMS"]

1. e4 e5 2. Nf3 Nc6 3. Bb5 a6 4. Ba4 Nf6 5. d4 exd4 6. O-O Be7 7. Re1 O-O 8. e5
Nd5 9. c3 d6 10. cxd4 dxe5 11. Bxc6 bxc6 12. Nxe5 Bb7 13. Qc2 Bd6 14. Nd2 Re8
15. Ndf3 f6 16. Nd3 Rxe1+ 17. Nfxe1 Qe8 18. Bd2 Bc8 19. Rc1 Bd7 20. Nc5 Bc8 21.
Qa4 Rb8 22. Ned3 Qh5 23. g3 Ne7 24. Re1 Qd5 25. Ne4 Nf5 26. Nxd6 cxd6 27. Nf4
Qb5 28. Qxb5 cxb5 29. Bb4 Kf7 30. Rc1 Ke7 31. d5 Bd7 32. g4 Nd4 33. Re1+ Kf7
34. Re4 Nf3+ 35. Kg2 Ng5 36. Bxd6 Nxe4 37. Bxb8 Nc5 38. Ba7 Nb7 39. h3 Nd6 40.
Kf3 Bc8 41. Bb8 Nc4 42. b3 Nb6 43. Bc7 Nxd5 44. Nxd5 Bb7 45. Ke4 Ke6 46. Kd4
Bxd5 47. Kc5 Bb7 48. Kb6 Bc8 49. Kc6 g6 50. f4 Bd7+ 51. Kb7 Kd5 52. Kxa6 Kd4
53. Kb6 h5 54. f5 hxg4 55. fxg6 gxh3 56. g7 Be6 57. a4 bxa4 58. bxa4 Ke4 59. a5
f5 60. a6 f4 61. a7 h2 62. a8=Q+ Bd5 63. Qxd5+ Kxd5 64. g8=Q+ Kd4 65. Qg2 Ke3
66. Bxf4+ 1-0

[Event "Politiken Cup 2011"]
[Site "Helsingor"]
[Date "2011.07.31"]
[Round "3.111"]
[White "Lindholm, Lars"]
[Black "Skousen, Nikolai"]
[Result "0-1"]
[WhiteElo "1722"]
[BlackElo "2289"]
[PlyCount "46"]
[EventDate "2011.??.??"]
[WhiteTeam "HaSS"]
[BlackTeam "Øbro"]

1. Nc3 c5 2. e4 g6 3. Nf3 Bg7 4. Bc4 Nc6 5. O-O d6 6. Ng5 e6 7. d3 h6 8. Nf3
Nge7 9. Be3 d5 10. exd5 exd5 11. Nxd5 Nxd5 12. Bxc5 Be6 13. c3 Qd7 14. Qa4 a6
15. Qa3 O-O-O 16. d4 Nf4 17. b3 Bxc4 18. bxc4 Nxg2 19. Kxg2 Qg4+ 20. Kh1 Qxf3+
21. Kg1 Rhe8 22. Rab1 Re4 23. Qb3 Rg4# 0-1

[Event "Politiken Cup 2011"]
[Site "Helsingor"]
[Date "2011.07.31"]
[Round "3.37"]
[White "Skovgaard, Peter"]
[Black "Jonsson, Lennart"]
[Result "1-0"]
[WhiteElo "2288"]
[BlackElo "2086"]
[PlyCount "71"]
[EventDate "2011.??.??"]
[WhiteTeam "BMS"]
[BlackTeam "Malmö Allmanna Schackklubb"]

1. e4 g6 2. d4 Bg7 3. Nc3 Nh6 4. h3 O-O 5. Be3 f6 6. Qd2 Nf7 7. f4 e6 8. Nf3 d5
9. O-O-O dxe4 10. Nxe4 Qd5 11. Nc3 Qa5 12. Kb1 c6 13. g4 b5 14. Qh2 Na6 15. h4
b4 16. Ne4 b3 17. cxb3 Nb4 18. Nc3 e5 19. a3 Nd5 20. Nxd5 cxd5 21. h5 g5 22. h6
Bh8 23. fxg5 fxg5 24. Nxg5 Nxg5 25. Bxg5 Qb6 26. dxe5 Qg6+ 27. Bd3 Qxg5 28. Qc2
Qe7 29. Rh5 Rf7 30. Re1 Be6 31. g5 Rc8 32. Qg2 Bf5 33. Bxf5 Rxf5 34. g6 Rxe5
35. Rhxe5 Bxe5 36. Qxd5+ 1-0

[Event "Politiken Cup 2011"]
[Site "Helsingor"]
[Date "2011.07.31"]
[Round "3.49"]
[White "Andersen, Daniel"]
[Black "Jorgensen, Michael"]
[Result "1/2-1/2"]
[WhiteElo "1963"]
[BlackElo "2271"]
[PlyCount "137"]
[EventDate "2011.??.??"]
[WhiteTeam "Frederiksund"]
[BlackTeam "Helsingør"]

1. c4 f5 2. Nc3 Nf6 3. g3 g6 4. Bg2 Bg7 5. e3 d6 6. Nge2 e5 7. d3 Nc6 8. Rb1 a5
9. a3 O-O 10. O-O h6 11. b4 axb4 12. axb4 Rb8 13. b5 Ne7 14. Ba3 Be6 15. Qd2
Re8 16. Bb4 Bf7 17. Ra1 d5 18. Bxe7 Rxe7 19. cxd5 Nxd5 20. Rfd1 Kh7 21. d4 Nxc3
22. Qxc3 e4 23. Rdc1 Qd7 24. Qa5 b6 25. Qb4 Bd5 26. Rc3 Rf7 27. Rac1 Bf8 28.
Qb2 Bd6 29. Nf4 Bxf4 30. exf4 Ra8 31. Bf1 Ra2 32. Qb4 Qd6 33. Qxd6 cxd6 34. Bc4
Bxc4 35. Rxc4 Rd2 36. Rc6 Rxd4 37. Rxb6 g5 38. Rbc6 gxf4 39. gxf4 Kg6 40. b6
Rb7 41. Rb1 Kf6 42. Rc8 Rd3 43. Rh8 Kg6 44. Rc8 d5 45. Kg2 d4 46. Rc6+ Kf7 47.
Rxh6 Kg7 48. Rd6 Rd2 49. Kf1 d3 50. Rc6 Rc2 51. Rxc2 dxc2 52. Rc1 Rxb6 53. Rxc2
Rb3 54. Re2 Rf3 55. Re3 Rxf4 56. f3 Kf6 57. Ke2 Rh4 58. fxe4 fxe4 59. h3 Ke5
60. Rg3 Kf4 61. Ra3 Rh8 62. Ra7 Rxh3 63. Rf7+ Ke5 64. Re7+ Kd5 65. Rd7+ Ke6 66.
Rd8 e3 67. Re8+ Kf7 68. Rxe3 Rxe3+ 69. Kxe3 1/2-1/2

[Event "Politiken Cup 2011"]
[Site "Helsingor"]
[Date "2011.07.31"]
[Round "3.50"]
[White "Schmitt, Carsten"]
[Black "Sbarra, Marco"]
[Result "1-0"]
[WhiteElo "1959"]
[BlackElo "2266"]
[PlyCount "63"]
[EventDate "2011.??.??"]
[WhiteTeam "SV Bergwinkel"]

1. c4 e6 2. g3 d5 3. Bg2 Nf6 4. Nf3 c5 5. O-O Nc6 6. b3 d4 7. e3 e5 8. exd4
exd4 9. Re1+ Be7 10. d3 O-O 11. Na3 Bf5 12. Nc2 Qd7 13. a3 a5 14. Bf4 Rfe8 15.
Ne5 Nxe5 16. Bxe5 Ng4 17. Bf4 g5 18. Bc1 Bf6 19. Rxe8+ Rxe8 20. b4 Ne5 21. Ne1
axb4 22. axb4 cxb4 23. Ra5 Nc6 24. Rb5 Qe6 25. Bd2 Qe2 26. Qxe2 Rxe2 27. Rxf5
Rxd2 28. Rxf6 b3 29. Bd5 Kh8 30. Rxf7 Na5 31. Nf3 Rd1+ 32. Kg2 1-0

[Event "Politiken Cup 2011"]
[Site "Helsingor"]
[Date "2011.07.31"]
[Round "3.39"]
[White "Gagliardi, Christian"]
[Black "Hyldkrog, Lars"]
[Result "1-0"]
[WhiteElo "2258"]
[BlackElo "2038"]
[PlyCount "114"]
[EventDate "2011.??.??"]
[WhiteTeam "Mariano Comense"]
[BlackTeam "LVS"]

1. e4 e6 2. d4 d5 3. Nc3 Bb4 4. e5 c5 5. Bd2 Ne7 6. Nb5 Bxd2+ 7. Qxd2 O-O 8. f4
a6 9. Nd6 cxd4 10. Nf3 Nbc6 11. Bd3 f5 12. h3 Qb6 13. O-O-O Nb4 14. Kb1 Bd7 15.
a3 Nxd3 16. Qxd3 Nc8 17. Nxc8 Raxc8 18. Nxd4 Be8 19. Qb3 Qxb3 20. Nxb3 Rc4 21.
Rd4 Bc6 22. Rhd1 b6 23. g3 Rc8 24. R1d2 Kf7 25. Nc1 Bb5 26. Ne2 h6 27. Rxc4
Bxc4 28. Nd4 Bf1 29. h4 a5 30. c3 Ba6 31. Kc2 g6 32. Rh2 h5 33. b3 Ke7 34. Kb2
Bd3 35. Rd2 Ba6 36. Nf3 Bb5 37. Rd4 Be2 38. Ng5 Ba6 39. Nf3 Be2 40. Nd2 Ba6 41.
a4 Rc7 42. b4 Bc4 43. Nxc4 Rxc4 44. Rxc4 dxc4 45. b5 Kd7 46. Kc2 Kc7 47. Kd2
Kb7 48. Ke3 Kc7 49. Kd4 Kb7 50. Kxc4 Kc7 51. Kd4 Kb7 52. c4 Kc7 53. c5 Kb7 54.
cxb6 Kxb6 55. Kc4 Kb7 56. Kc5 Kc7 57. b6+ Kb7 1-0

[Event "Politiken Cup 2011"]
[Site "Helsingor"]
[Date "2011.07.31"]
[Round "3.40"]
[White "Sorensen, Dick"]
[Black "Stojanovski, Sandi"]
[Result "0-1"]
[WhiteElo "1993"]
[BlackElo "2254"]
[PlyCount "62"]
[EventDate "2011.??.??"]
[WhiteTeam "Taastrup"]
[BlackTeam "K41"]

1. c4 Nf6 2. Nc3 c5 3. g3 e6 4. Bg2 d5 5. cxd5 exd5 6. d3 d4 7. Ne4 Nfd7 8. Nf3
Be7 9. O-O a5 10. h4 O-O 11. Neg5 Nc6 12. Bf4 Nb6 13. Qd2 Nd5 14. Nh3 a4 15. h5
a3 16. bxa3 Rxa3 17. h6 g6 18. Nfg5 Ncb4 19. Ne4 Bxh3 20. Bxh3 f5 21. Ng5 Nxf4
22. gxf4 Bxg5 23. fxg5 f4 24. Qb2 Qxg5+ 25. Kh2 Ra7 26. a3 Nc6 27. Rac1 f3 28.
Qb3+ Kh8 29. exf3 Ne5 30. Qe6 Nxf3+ 31. Kh1 Qf4 0-1

[Event "Politiken Cup 2011"]
[Site "Helsingor"]
[Date "2011.07.31"]
[Round "3.41"]
[White "Svendsen, Peter"]
[Black "Jorgensen, Dennis"]
[Result "0-1"]
[WhiteElo "1987"]
[BlackElo "2231"]
[PlyCount "88"]
[EventDate "2011.??.??"]
[WhiteTeam "Hillerød"]
[BlackTeam "Allerød"]

1. d4 Nf6 2. Nf3 e6 3. c4 c5 4. Nc3 cxd4 5. Nxd4 a6 6. g3 Qc7 7. Qa4 Bc5 8. Nc2
Qb6 9. e3 Nc6 10. Be2 O-O 11. O-O Be7 12. b4 d6 13. Rd1 Bd7 14. Qb3 Rac8 15. a4
Ne5 16. Bb2 Qc7 17. Rd4 Bc6 18. e4 Rfd8 19. Ne3 Be8 20. Rad1 h5 21. b5 Ned7 22.
Ba3 Nc5 23. Qc2 g6 24. Bb4 a5 25. Ba3 Nfd7 26. Bb2 Nb6 27. f4 Bf6 28. R4d2 Bg7
29. f5 Bh6 30. Kf2 Qe7 31. Bc1 Bxe3+ 32. Kxe3 exf5 33. Bf3 Nxc4+ 34. Kf2 Nxd2
35. Qxd2 Nb3 36. Qb2 Rxc3 37. Qxc3 Nxc1 38. Rxc1 fxe4 39. Be2 d5 40. Qxa5 d4
41. Qb6 Rd6 42. Qc7 Qf6+ 43. Kg1 d3 44. Rf1 Qd4+ 0-1

[Event "Politiken Cup 2011"]
[Site "Helsingor"]
[Date "2011.07.31"]
[Round "3.42"]
[White "Thybo, Jesper Sondergaard"]
[Black "Hansen, Mads"]
[Result "0-1"]
[WhiteElo "1921"]
[BlackElo "2224"]
[PlyCount "123"]
[EventDate "2011.??.??"]
[WhiteTeam "Skive"]
[BlackTeam "Frem"]

1. d4 d5 2. c4 dxc4 3. e4 e5 4. Nf3 exd4 5. Bxc4 Nc6 6. O-O Be6 7. Bb5 Bc5 8.
b4 Bb6 9. a4 a5 10. bxa5 Rxa5 11. Bb2 Nge7 12. Na3 O-O 13. Ng5 Qd7 14. Nxe6
Qxe6 15. Nc4 Rxb5 16. axb5 Qxc4 17. bxc6 Nxc6 18. Ra3 Qe6 19. Re1 Rd8 20. e5
Na5 21. Rh3 c5 22. Re4 Nc6 23. Bc1 Ne7 24. Bg5 Ra8 25. Bxe7 Qxe7 26. e6 fxe6
27. g4 c4 28. Qb1 Ra6 29. Rxd4 Bxd4 30. Qxh7+ Kf7 31. Rf3+ Ke8 32. Qg8+ Kd7 33.
Rf7 Rc6 34. Rxe7+ Kxe7 35. Qa8 Rc7 36. Qa3+ Bc5 37. Qc3 Ke8 38. Qe5 Kd8 39.
Qxe6 Be7 40. Qg8+ Kd7 41. Qd5+ Kc8 42. Qe6+ Kb8 43. Qg8+ Ka7 44. Qe8 b6 45.
Qa4+ Kb7 46. f4 c3 47. Qe4+ Kb8 48. Qc2 b5 49. Qe2 Bc5+ 50. Kf1 b4 51. Qe8+ Ka7
52. Qb5 Bb6 53. Qxb4 c2 54. Qa4+ Kb7 55. Qe4+ Rc6 56. Qe7+ Ka6 57. Qa3+ Ba5 58.
Qc1 Bd2 59. Qa3+ Kb5 60. Qb3+ Bb4 61. Qd3+ Ka4 62. Qa3+ 0-1